Normal view
MARC view
Entry Personal Name
001 - CONTROL NUMBER
- control field: 77795
003 - CONTROL NUMBER IDENTIFIER
- control field: MY-SjTCS
005 - DATE AND TIME OF LATEST TRANSACTION
- control field: 20191205135401.0
008 - FIXED-LENGTH DATA ELEMENTS
- fixed length control field: 180301nn a|a||abb| a a|a d
039 #9 -
- : 201803011217
- : shuhada
040 ## - CATALOGING SOURCE
- Original cataloging agency: VRT
- Transcribing agency: VRT
100 1# - HEADING--PERSONAL NAME
- Personal name: Sobiech, Laura
670 ## - SOURCE DATA FOUND
- Source citation: Fly a little higher ::
- Information found: t.p. (Laura Sobiech.)
999 ## -
- : VIRTUA4 x
999 ## -
- : VTLSSORT0080*0400*1000*6700*9991